Anita na escola (Registo nº 4353)
[ vista simples ]
| 000 -Etiqueta do registo | |
|---|---|
| Cabeçalho | 00639cam a2200241 4500 |
| 005 - Identificador da versão | |
| Campo de controlo | 20240813122059.0 |
| 095 ## - | |
| -- | PTBN00112630 |
| 021 ## - Número do Depósito Legal | |
| Código do país | PT |
| 100 ## - Dados gerais de processamento | |
| Dados gerais de processamento | 19880617d1991 cd y0pory5003 ba |
| 102 ## - Pais de publicação ou produção | |
| País de publicação | Portugal |
| 101 1# - Língua de publicação | |
| Língua do texto, banda sonora, etc. | Português |
| Língua do documento no original | Francês |
| 215 ## - Descrição física | |
| Indicação específica da natureza do documento e extensão da espécie | 21 p. |
| Outras indicações físicas | muito il. |
| Dimensões | 26 cm |
| 200 1# - Titulo e menção de responsabilidade | |
| Título próprio | Anita na escola |
| Primeira menção de responsabilidade | texto de Gilbert Delahaye |
| Outras menções de responsabilidade | il. Marcel Marlier |
| 225 1# - Colecção | |
| Título próprio da colecção | Verbo infantil |
| 210 ## - Publicação, Distribuição, etc. | |
| Lugar da edição, distribuição, etc. | Lisboa |
| Nome do editor, distribuidor, etc. | Verbo |
| Data da publicação, distribuição, etc. | D.L. 1988 |
| 675 ## - Classificação Decimal Universal (CDU) | |
| Notação | 087.5 |
| Edição | BN |
| Língua da edição | por |
| 702 #1 - Nome de autor-pessoa física (responsabilidade secundária) | |
| Número de registo de entrada de autoridade | 0000500 |
| Palavra de ordem | Marlier |
| Outra parte do nome não tomada para palavra de ordem | Marcel |
| Código de função | Ilustrador / Técnico de desenho computorizado |
| 700 #1 - Nome de autor-pessoa física (responsabilidade principal) | |
| Número de registo de entrada de autoridade | 0000499 |
| Palavra de ordem | Delahaye |
| Outra parte do nome não tomada para palavra de ordem | Gilbert |
| Datas | 1923- |
| 942 ## - Elementos de entrada adicionados (Koha) | |
| Tipo de item no Koha | Livro |
| Situação do levantamento | Origin of item (home branch) (coded) | Biblioteca de empréstimo | Código de barras | Cota | Circulation type (not for loan) | Tipo de documento | Nota do exemplar | Damaged status |
|---|---|---|---|---|---|---|---|---|
| Biblioteca Escolar das Vendas | Biblioteca Escolar das Vendas | BEV1475 | 8EST DEL | Livro | Sem mensagem |
